<?xml version="1.0" encoding="UTF-8"?><?xml-stylesheet type="text/xsl" href="static/style.xsl"?><OAI-PMH xmlns="http://www.openarchives.org/OAI/2.0/" xmlns:xsi="http://www.w3.org/2001/XMLSchema-instance" xsi:schemaLocation="http://www.openarchives.org/OAI/2.0/ http://www.openarchives.org/OAI/2.0/OAI-PMH.xsd"><responseDate>2026-04-27T19:52:55Z</responseDate><request verb="GetRecord" identifier="oai:uvadoc.uva.es:10324/79562" metadataPrefix="marc">https://uvadoc.uva.es/oai/request</request><GetRecord><record><header><identifier>oai:uvadoc.uva.es:10324/79562</identifier><datestamp>2026-02-17T20:02:06Z</datestamp><setSpec>com_10324_1167</setSpec><setSpec>com_10324_931</setSpec><setSpec>com_10324_894</setSpec><setSpec>col_10324_1923</setSpec></header><metadata><record xmlns="http://www.loc.gov/MARC21/slim" xmlns:doc="http://www.lyncode.com/xoai" xmlns:xsi="http://www.w3.org/2001/XMLSchema-instance" xmlns:dcterms="http://purl.org/dc/terms/" xsi:schemaLocation="http://www.loc.gov/MARC21/slim http://www.loc.gov/standards/marcxml/schema/MARC21slim.xsd">
<leader>00925njm 22002777a 4500</leader>
<datafield tag="042" ind1=" " ind2=" ">
<subfield code="a">dc</subfield>
</datafield>
<datafield tag="720" ind1=" " ind2=" ">
<subfield code="a">Camino Olea, María Soledad</subfield>
<subfield code="e">author</subfield>
</datafield>
<datafield tag="720" ind1=" " ind2=" ">
<subfield code="a">Llorente Álvarez, Alfredo</subfield>
<subfield code="e">author</subfield>
</datafield>
<datafield tag="720" ind1=" " ind2=" ">
<subfield code="a">Cabeza Prieto, Alejandro</subfield>
<subfield code="e">author</subfield>
</datafield>
<datafield tag="720" ind1=" " ind2=" ">
<subfield code="a">Losa Espina, Alberto</subfield>
<subfield code="e">author</subfield>
</datafield>
<datafield tag="260" ind1=" " ind2=" ">
<subfield code="c">2020</subfield>
</datafield>
<datafield tag="520" ind1=" " ind2=" ">
<subfield code="a">El consumo energético de los edificios es excesivo para la conservación del medio ambiente y es necesario la rehabilitación de lo construido para reducir o eliminar ese consumo de forma sostenible de manera que la rehabilitación no consuma más energía de la que se pretende ahorrar y de que se mejore la habitabilidad y el uso de los edificios rehabilitados. &#xd;
El objetivo de este proyecto de investigación es analizar, en primer lugar, de forma analítica, y, en segundo lugar, mediante ensayos, el funcionamiento térmico de la envolvente de los edificios, con el fin de encontrar la mejor propuesta de rehabilitación desde distintos puntos de vista, entre los que está, evidentemente, el arquitectónico.&#xd;
En este tipo de actuaciones, es importante analizar el diseño del edificio y las características de los diferentes cerramientos que forman la envolvente ya que, en la mayoría de las intervenciones de rehabilitación energética, solamente se interviene en algunos de los cerramientos de la envolvente. Lo más común es intervenir en la fachada opaca, olvidando la incidencia de cerramientos como la cubierta o los huecos de las fachadas donde suele ser menor el aislamiento térmico. &#xd;
Con este proyecto se pretende hacer un estudio detallado de la envolvente, de cada zona, para buscar la respuesta más sostenible respetando la imagen arquitectónica.</subfield>
</datafield>
<datafield tag="024" ind2=" " ind1="8">
<subfield code="a">https://uvadoc.uva.es/handle/10324/79562</subfield>
</datafield>
<datafield ind1=" " ind2=" " tag="653">
<subfield code="a">eficiencia energética</subfield>
</datafield>
<datafield ind1=" " ind2=" " tag="653">
<subfield code="a">rehabilitación energética</subfield>
</datafield>
<datafield ind1=" " ind2=" " tag="653">
<subfield code="a">construcción</subfield>
</datafield>
<datafield ind1=" " ind2=" " tag="653">
<subfield code="a">envolvente edificios</subfield>
</datafield>
<datafield ind1=" " ind2=" " tag="653">
<subfield code="a">arquitectura</subfield>
</datafield>
<datafield tag="245" ind1="0" ind2="0">
<subfield code="a">Memoria Proyecto REHABILITACIÓN DE LA ENVOLVENTE DE EDIFICIOS DE LA UVA PARA MEJORAR LA EFICIENCIA ENERGÉTICA. ESTUDIO DEL ESTADO ACTUAL Y PROPUESTAS DE INTERVENCIÓN EN EL CAMPUS DE SORIA</subfield>
</datafield>
</record></metadata></record></GetRecord></OAI-PMH>